<?xml version="1.0" encoding="UTF-8"?>
<record
    xmlns:xsi="http://www.w3.org/2001/XMLSchema-instance"
    xsi:schemaLocation="http://www.loc.gov/MARC21/slim http://www.loc.gov/standards/marcxml/schema/MARC21slim.xsd"
    xmlns="http://www.loc.gov/MARC21/slim">

  <leader>01128nam a2200289Ia 4500</leader>
  <datafield tag="999" ind1=" " ind2=" ">
    <subfield code="c">51614</subfield>
    <subfield code="d">51614</subfield>
  </datafield>
  <controlfield tag="001">18605</controlfield>
  <controlfield tag="003">GE_BSU</controlfield>
  <controlfield tag="005">20250611120500.0</controlfield>
  <controlfield tag="008">181216s2012||||ge |||||||||||||| ||eng||</controlfield>
  <datafield tag="020" ind1=" " ind2=" ">
    <subfield code="a">9789941040849</subfield>
  </datafield>
  <datafield tag="040" ind1=" " ind2=" ">
    <subfield code="c">GE_BSU</subfield>
  </datafield>
  <datafield tag="041" ind1=" " ind2=" ">
    <subfield code="a">eng</subfield>
  </datafield>
  <datafield tag="080" ind1=" " ind2=" ">
    <subfield code="a">321.7 D-39</subfield>
  </datafield>
  <datafield tag="245" ind1=" " ind2=" ">
    <subfield code="a">Democracy and citizenship : </subfield>
    <subfield code="b">Civic education student course reader /</subfield>
    <subfield code="c">Greer Burroughs, Zaza Rukhadze, Marine Kvatchadze [et al.] ; [ed. IFES ].</subfield>
  </datafield>
  <datafield tag="264" ind1=" " ind2=" ">
    <subfield code="a">Tbilisi :</subfield>
    <subfield code="b"> International Foundation for Electoral Systems,</subfield>
    <subfield code="c">2012.</subfield>
  </datafield>
  <datafield tag="300" ind1=" " ind2=" ">
    <subfield code="a">280 p. ;</subfield>
    <subfield code="b">24 cm.</subfield>
  </datafield>
  <datafield tag="521" ind1=" " ind2=" ">
    <subfield code="a">Bibliogr.: p. 276-280.</subfield>
  </datafield>
  <datafield tag="653" ind1=" " ind2=" ">
    <subfield code="a">&#x10D3;&#x10D4;&#x10DB;&#x10DD;&#x10D9;&#x10E0;&#x10D0;&#x10E2;&#x10D8;&#x10D0;</subfield>
  </datafield>
  <datafield tag="653" ind1=" " ind2=" ">
    <subfield code="a">&#x10D0;&#x10D3;&#x10D0;&#x10DB;&#x10D8;&#x10D0;&#x10DC;&#x10D8;&#x10E1; &#x10EB;&#x10D8;&#x10E0;&#x10D8;&#x10D7;&#x10D0;&#x10D3;&#x10D8; &#x10E3;&#x10E4;&#x10DA;&#x10D4;&#x10D1;&#x10D4;&#x10D1;&#x10D8;</subfield>
  </datafield>
  <datafield tag="653" ind1=" " ind2=" ">
    <subfield code="a">&#x10D9;&#x10DD;&#x10DC;&#x10E1;&#x10E2;&#x10D8;&#x10E2;&#x10E3;&#x10EA;&#x10D8;&#x10DD;&#x10DC;&#x10D0;&#x10DA;&#x10D8;&#x10D6;&#x10DB;&#x10D8;</subfield>
  </datafield>
  <datafield tag="700" ind1=" " ind2=" ">
    <subfield code="a">Burroughs, Greer </subfield>
    <subfield code="e">&#x10D0;&#x10D5;&#x10E2;&#x10DD;&#x10E0;&#x10D8;</subfield>
    <subfield code="9">25369</subfield>
  </datafield>
  <datafield tag="700" ind1=" " ind2=" ">
    <subfield code="a">Rukhadze, Zaza</subfield>
    <subfield code="e">&#x10D0;&#x10D5;&#x10E2;&#x10DD;&#x10E0;&#x10D8;</subfield>
    <subfield code="9">25370</subfield>
  </datafield>
  <datafield tag="700" ind1=" " ind2=" ">
    <subfield code="a">Kvatchadze, Marine</subfield>
    <subfield code="e">&#x10D0;&#x10D5;&#x10E2;&#x10DD;&#x10E0;&#x10D8;</subfield>
    <subfield code="9">25371</subfield>
  </datafield>
  <datafield tag="700" ind1=" " ind2=" ">
    <subfield code="a">Gaprindashvili, Lela</subfield>
    <subfield code="e">&#x10D0;&#x10D5;&#x10E2;&#x10DD;&#x10E0;&#x10D8;</subfield>
    <subfield code="9">25372</subfield>
  </datafield>
  <datafield tag="700" ind1=" " ind2=" ">
    <subfield code="a">Izoria, Levan</subfield>
    <subfield code="e">&#x10D0;&#x10D5;&#x10E2;&#x10DD;&#x10E0;&#x10D8;</subfield>
    <subfield code="9">25373</subfield>
  </datafield>
  <datafield tag="942" ind1=" " ind2=" ">
    <subfield code="c">BK</subfield>
    <subfield code="2">udc</subfield>
  </datafield>
  <datafield tag="952" ind1=" " ind2=" ">
    <subfield code="0">0</subfield>
    <subfield code="1">0</subfield>
    <subfield code="2">udc</subfield>
    <subfield code="4">0</subfield>
    <subfield code="6">3217_D39</subfield>
    <subfield code="7">0</subfield>
    <subfield code="9">71745</subfield>
    <subfield code="a">CPL</subfield>
    <subfield code="b">CPL</subfield>
    <subfield code="c">GEN</subfield>
    <subfield code="d">2018-12-17</subfield>
    <subfield code="g">25.00</subfield>
    <subfield code="o">321.7 D-39</subfield>
    <subfield code="p">48136</subfield>
    <subfield code="r">2018-12-17</subfield>
    <subfield code="t">48136</subfield>
    <subfield code="w">2018-12-17</subfield>
    <subfield code="y">BK</subfield>
    <subfield code="z">25 &#x10DA;.</subfield>
  </datafield>
  <datafield tag="952" ind1=" " ind2=" ">
    <subfield code="0">0</subfield>
    <subfield code="1">0</subfield>
    <subfield code="2">udc</subfield>
    <subfield code="4">0</subfield>
    <subfield code="6">3217_D39</subfield>
    <subfield code="7">0</subfield>
    <subfield code="9">71746</subfield>
    <subfield code="a">CPL</subfield>
    <subfield code="b">CPL</subfield>
    <subfield code="c">GEN</subfield>
    <subfield code="d">2018-12-17</subfield>
    <subfield code="g">25.00</subfield>
    <subfield code="o">321.7 D-39</subfield>
    <subfield code="p">48137</subfield>
    <subfield code="r">2018-12-17</subfield>
    <subfield code="t">48137</subfield>
    <subfield code="w">2018-12-17</subfield>
    <subfield code="y">BK</subfield>
    <subfield code="z">25 &#x10DA;.</subfield>
  </datafield>
  <datafield tag="952" ind1=" " ind2=" ">
    <subfield code="0">0</subfield>
    <subfield code="1">0</subfield>
    <subfield code="2">udc</subfield>
    <subfield code="4">0</subfield>
    <subfield code="6">3217_D39</subfield>
    <subfield code="7">0</subfield>
    <subfield code="9">71747</subfield>
    <subfield code="a">CPL</subfield>
    <subfield code="b">CPL</subfield>
    <subfield code="c">GEN</subfield>
    <subfield code="d">2018-12-17</subfield>
    <subfield code="g">25.00</subfield>
    <subfield code="o">321.7 D-39</subfield>
    <subfield code="p">48138</subfield>
    <subfield code="r">2018-12-17</subfield>
    <subfield code="t">48138</subfield>
    <subfield code="w">2018-12-17</subfield>
    <subfield code="y">BK</subfield>
    <subfield code="z">25 &#x10DA;.</subfield>
  </datafield>
  <datafield tag="952" ind1=" " ind2=" ">
    <subfield code="0">0</subfield>
    <subfield code="1">0</subfield>
    <subfield code="2">udc</subfield>
    <subfield code="4">0</subfield>
    <subfield code="6">3217_D39</subfield>
    <subfield code="7">0</subfield>
    <subfield code="9">71748</subfield>
    <subfield code="a">CPL</subfield>
    <subfield code="b">CPL</subfield>
    <subfield code="c">GEN</subfield>
    <subfield code="d">2018-12-17</subfield>
    <subfield code="g">25.00</subfield>
    <subfield code="o">321.7 D-39</subfield>
    <subfield code="p">48135</subfield>
    <subfield code="r">2018-12-17</subfield>
    <subfield code="t">48135</subfield>
    <subfield code="w">2018-12-17</subfield>
    <subfield code="y">BK</subfield>
    <subfield code="z">25 &#x10DA;.</subfield>
  </datafield>
</record>
